| 000 | | | 05653nmc2a22003493x 450 |
| 001 | | | ad2762a8-7b2d-49e5-acbe-3e8f37a5de39 |
| 005 | | | 20240819192906.0 |
| 100 | ## | $a | 20240716l18861886k y0rusy50 ca |
| 101 | 0# | $a | rus |
| 102 | ## | $a | RU |
| 105 | ## | $a | a z ||||| |
| 122 | 2# | $a | d18860304 |
| | $a | d18860326 |
| 200 | 1# | $a | Печатные материалы Министерства народного просвещения об изменении и утверждении положения и штата Владикавказского ремесленного училища имени Лорис-Меликова |
| | $j | 04.-26.03.1886 |
| 215 | ## | $a | 13 листов |
| | $c | табл. |
| | $d | 37 х 24,8 |
| 251 | ## | $c | Дело |
| 300 | ## | $a | Заголовок дела на папке: Печатные материалы Министерства народного просвещения об изменении устава и утверждении положения и штата Владикавказского ремесленного училища, имени Л.-Меликова |
| 300 | ## | $a | Напечатано типографским способом с рукописными пометками |
| 325 | ## | $a | Замикрофильмировано |
| 330 | ## | $a | Входит в раздел описи: Материалы о Владикавказском ремесленном училище имени Лорис-Меликова 1886 - 1888 гг. |
| 461 | #0 | $1 | 001cda3d175-ae4a-411a-8dea-9cc20fb178f6 |
| | $1 | 2001 |
| | $a | Лорис-Меликов Михаил Тариелович, граф, министр внутренних дел, главный начальник "верховной распорядительной комиссии по охранению государственного порядка и общественного спокойствия", генерал от кавалерии |
| | $1 | 251 |
| | $c | Фонд |
| | $1 | 852 |
| | $j | 569 |
| 462 | #0 | $1 | 001163e060a-d7cc-404d-90ee-e28c9801971b |
| | $1 | 2001 |
| | $a | Опись дел фонда М. Т. Лорис-Меликова за 1858-1915 гг. |
| | $v | Д. 119 |
| | $1 | 251 |
| | $c | Опись |
| | $1 | 852 |
| | $j | 1 |
| 517 | 1# | $a | Печатные материалы Министерства народного просвещения об изменении устава и утверждении положения и штата Владикавказского ремесленного училища, имени Л.-Меликова |
| 600 | #1 | $a | Лорис-Меликов |
| | $b | М. Т. |
| | $g | Михаил Тариелович |
| 601 | 02 | $a | Владикавказское ремесленное училище им. Лорис-Меликова |
| 601 | 01 | $3 | RU\NLR\AUTH\889944176 |
| | $a | Россия |
| | $b | Министерство народного просвещения |
| 605 | ## | $3 | DITM\AF\0000002775 |
| | $a | Власть |
| | $l | коллекция |
| | $2 | acquisition_prlib |
| 610 | 1# | $a | Положение |
| | $a | Устав |
| | $a | Штат |
| | $a | Ремесленное училище |
| 686 | ## | $a | 63.3(2)535-332ю1 |
| | $c | История |
| | $2 | rubbk |
| 686 | ## | $a | 67.400.6ю1 |
| | $c | Право |
| | $2 | rubbk |
| 801 | #0 | $a | RU |
| | $b | GA_RF |
| 801 | #1 | $a | RU |
| | $b | ГлавНИВЦ |
| | $c | 20240716 |
| | $2 | rusmarc |
| 801 | #2 | $a | RU |
| | $b | ПБ им. Б.Н. Ельцина |
| | $c | 20240819 |
| | $g | RCR |
| | $2 | rusmarc |
| 852 | ## | $a | ГА РФ |
| | $j | 119 |
| 937 | ## | $d | 193623132 |
| | $h | ГАРФ |
| 035 | ## | $a | RuPRLIB51076478 |
| 856 | ## | $u | http://readingroom.main.prlib.ru/item.aspx?id_node=n193623132&mode=full |